00379nam a2200121Ia 4500008004100000040001800041041000800059245008500067260003600152300001800188650002400206700002700230130821s1974 xxc gr fre  aCo-BoUCMbspa afre aLitteratures ultramarines de langue francaisecLeopold Sedar Senghor... [et al.] aOttawa (Canadá)bNaamanc1974 a151 páginas04aLiteratura francesa aSenghor, Leopold Sedar